| 000 | 00511nam a22001817a 4500 | ||
|---|---|---|---|
| 003 | CEME | ||
| 005 | 20210628202007.0 | ||
| 008 | 210222b xxu||||| |||| 00| 0 eng d | ||
| 020 | _a0-13-211327-9 | ||
| 040 | _c. | ||
| 082 | _a629.253 DAG | ||
| 100 |
_aDagel, John F _957766 |
||
| 245 | _aDiesel engine and fuel system repair | ||
| 260 |
_aNEW JERSEY _bPRENTICE HALL _c1994 |
||
| 300 | _aXIX,660P | ||
| 650 |
_aDIESEL ENGINE-FUEL SYSTEM REPAIR FUEL SYSTEM REPAIR OF DIESEL ENGINE _957767 |
||
| 942 |
_cBK _2ddc |
||
| 999 |
_c568025 _d568025 |
||